000
00300nam a22001337a 4500
003
SGT
082
_a
954.03
_b
V83G
100
_a
GOYAL, SHIVKUMAR
245
_a
VINAYAK DAMODA SAWARKAR
260
_a
INDIA
_b
PRABHAT PRAKASHAN
_c
1983
300
_a
270
650
_a
FREEDOM FIGHTERS
942
_2
ddc
_c
BK
999
_c
26175
_d
26175